[Event "New York 1000 GM Spring Schev"]
[Site "New York"]
[Date "2024.03.30"]
[Round "6.8"]
[White "Khodzhamkuliev, Bahadur"]
[Black "Espinosa, Pedro"]
[Result "0-1"]
[WhiteElo "2159"]
[BlackElo "2229"]
[PlyCount "94"]
[EventDate "2024.03.27"]
[EventType "schev"]
[EventRounds "9"]
[EventCountry "USA"]
[SourceTitle "CB14_2024"]
[SourceDate "2024.04.01"]
[SourceVersion "1"]
[SourceVersionDate "2024.04.01"]
[SourceQuality "1"]

1. Nf3 d5 2. d4 Nf6 3. c4 c6 4. Nc3 e6 5. Bg5 dxc4 6. e4 b5 7. e5 h6 8. Bh4 g5 9. Nxg5 hxg5 10. Bxg5 Nbd7 11. exf6 Bb7 12. g3 Qb6 13. Bg2 0-0-0 14. 0-0 c5 15. d5 b4 16. Na4 Qa6 17. a3 Bxd5 18. Bxd5 Ne5 19. Nxc5 Bxc5 20. axb4 Bxf2+ 21. Kxf2 Qb5 22. Kg2 Rxd5 23. Qe2 Qc6 24. Kg1 Nd3 25. Qf3 Kb7 26. Be3 a6 27. Bc5 Nxb2 28. Ra5 Nd3 29. b5 Qxc5+ 30. Kg2 axb5 31. Rfa1 Nb4 32. Ra7+ Kb6 33. Rxf7 Qd4 34. Re1 e5 35. Re7 Nd3 36. Re2 Qc5 37. Re6+ Rd6 38. Re7 Qc6 39. Qxc6+ Kxc6 40. f7 Rf8 41. Ra2 c3 42. g4 Kd5 43. Rc7 c2 44. Raxc2 Ne1+ 45. Kg3 Nxc2 46. g5 Nd4 47. g6 Rxg6+ 0-1

[Event "New York 1000 GM Spring Schev"]
[Site "New York"]
[Date "2024.03.28"]
[Round "2.4"]
[White "Lapshun, Yury"]
[Black "Espinosa, Pedro"]
[Result "0-1"]
[WhiteElo "2332"]
[BlackElo "2229"]
[PlyCount "100"]
[EventDate "2024.03.27"]
[EventType "schev"]
[EventRounds "9"]
[EventCountry "USA"]
[SourceTitle "CB14_2024"]
[SourceDate "2024.04.01"]
[SourceVersion "1"]
[SourceVersionDate "2024.04.01"]
[SourceQuality "1"]

1. d4 d5 2. Nf3 Nf6 3. e3 c6 4. c4 Bf5 5. Nc3 e6 6. Qb3 Qc7 7. Nh4 Bg6 8. Bd2 Nbd7 9. Rc1 Rc8 10. g3 Be7 11. Nxg6 hxg6 12. Bg2 Nb6 13. cxd5 exd5 14. Nxd5 Nbxd5 15. e4 Nb6 16. 0-0 Qd7 17. Bc3 0-0 18. f4 Rcd8 19. f5 gxf5 20. Rxf5 Qe6 21. Qc2 Ng4 22. Qe2 Qh6 23. Bd2 Qxh2+ 24. Kf1 Qxg3 25. Rc3 Nh2+ 26. Kg1 Qg4 27. Qe3 Bb4 28. Kxh2 Bxc3 29. Qxc3 Rd6 30. Rg5 Rh6+ 31. Kg1 Qd1+ 32. Kf2 Rf6+ 33. Kg3 Qe2 34. Bf4 Na4 35. Qb4 Nxb2 36. Bf3 Qc2 37. Be5 Rxf3+ 38. Kxf3 f6 39. Bd6 fxg5+ 40. Bxf8 Nd3 41. Qxb7 Qf2+ 42. Kg4 Qf4+ 43. Kh5 Qh4+ 44. Kg6 Qh6+ 45. Kf5 Qf6+ 46. Kg4 Nf2+ 47. Kg3 Nxe4+ 48. Kg4 Qf4+ 49. Kh5 Qh4+ 50. Kg6 Qh7# 0-1

[Event "North American-ch U20"]
[Site "Dulles"]
[Date "2023.12.20"]
[Round "4"]
[White "Wilson, Ronen"]
[Black "Espinosa, Pedro"]
[Result "1/2-1/2"]
[WhiteElo "2049"]
[BlackElo "2238"]
[PlyCount "82"]
[EventDate "2023.12.19"]
[EventType "swiss"]
[EventRounds "9"]
[EventCountry "USA"]
[SourceTitle "CB52_2023"]
[SourceDate "2023.12.27"]
[SourceVersion "1"]
[SourceVersionDate "2023.12.27"]
[SourceQuality "1"]

1. e4 c5 2. Nf3 d6 3. d4 cxd4 4. Nxd4 Nf6 5. Nc3 Nc6 6. Bg5 e6 7. Qd2 a6 8. 0-0-0 Bd7 9. f4 Be7 10. Nf3 b5 11. Bxf6 gxf6 12. Kb1 Qb6 13. f5 0-0-0 14. g3 Kb8 15. fxe6 fxe6 16. Bh3 Na5 17. b3 Rhe8 18. Nd4 b4 19. Nce2 Bf8 20. Rhf1 Bg7 21. Nf3 Bc8 22. Nf4 Nb7 23. Nd4 Nc5 24. Bg2 Bb7 25. Nh5 Bh8 26. Nxf6 Rf8 27. Qh6 Rf7 28. Ne2 Rdf8 29. Nd5 Rxf1 30. Rxf1 Rxf1+ 31. Bxf1 exd5 32. Qf8+ Ka7 33. Qxh8 Nxe4 34. Bg2 Nc3+ 35. Nxc3 bxc3 36. Qf6 Qe3 37. Qf1 Qd2 38. a4 a5 39. Bf3 Qxh2 40. Qd3 Qd2 41. Qb5 Qd4 1/2-1/2

[Event "North American-ch U20"]
[Site "Dulles"]
[Date "2023.12.19"]
[Round "2"]
[White "Tang, Austin"]
[Black "Espinosa, Pedro"]
[Result "1/2-1/2"]
[WhiteElo "1895"]
[BlackElo "2238"]
[PlyCount "39"]
[EventDate "2023.12.19"]
[EventType "swiss"]
[EventRounds "9"]
[EventCountry "USA"]
[SourceTitle "CB52_2023"]
[SourceDate "2023.12.27"]
[SourceVersion "1"]
[SourceVersionDate "2023.12.27"]
[SourceQuality "1"]

1. e4 c5 2. Nf3 d6 3. d4 cxd4 4. Nxd4 Nf6 5. Nc3 Nc6 6. Bg5 e6 7. Qd2 a6 8. 0-0-0 Bd7 9. Kb1 Nxd4 10. Qxd4 Be7 11. f4 Bc6 12. f5 Qa5 13. Bc4 exf5 14. Rhf1 fxe4 15. Nxe4 Nxe4 16. Bxf7+ Kd7 17. Bxe7 Kxe7 18. Bg6 Qe5 19. Bxe4 Bxe4 20. Rfe1 1/2-1/2

[Event "Washington op 10th"]
[Site "Rockville"]
[Date "2023.08.15"]
[Round "8"]
[White "Espinosa, Pedro"]
[Black "Kung, Thomas"]
[Result "1/2-1/2"]
[WhiteElo "2288"]
[BlackElo "2124"]
[PlyCount "85"]
[EventDate "2023.08.12"]
[EventType "swiss"]
[EventRounds "9"]
[EventCountry "USA"]
[SourceTitle "CBM 215 Extra"]
[Source "ChessBase"]
[SourceDate "2023.09.30"]
[SourceVersion "1"]
[SourceVersionDate "2023.09.30"]
[SourceQuality "1"]

1. d4 d5 2. c4 c6 3. cxd5 cxd5 4. Bf4 Nf6 5. e3 Nc6 6. Nc3 Bf5 7. Nf3 e6 8. Qb3 Bb4 9. Ne5 Qe7 10. Bb5 Rc8 11. a3 Ba5 12. Qa4 Bxc3+ 13. bxc3 0-0 14. Nxc6 bxc6 15. Ba6 Rcd8 16. Qxc6 Ne4 17. 0-0 g5 18. Be5 f6 19. Bg3 h5 20. f3 Nxg3 21. hxg3 Rb8 22. Qc5 Qxc5 23. dxc5 Rf7 24. c6 Rc7 25. Bb7 Bd3 26. Rfd1 Bb5 27. e4 Bxc6 28. Bxc6 Rxc6 29. exd5 exd5 30. Rxd5 Rxc3 31. Re1 Kf8 32. Rd6 Rb6 33. Ree6 Rxd6 34. Rxd6 Rxa3 35. Rxf6+ Kg7 36. Rc6 a5 37. Kh2 Ra1 38. Ra6 a4 39. f4 g4 40. Ra5 Kg6 41. Ra6+ Kg7 42. Ra8 a3 43. Ra7+ 1/2-1/2

[Event "Washington op 10th"]
[Site "Rockville"]
[Date "2023.08.13"]
[Round "3"]
[White "Brodsky, David"]
[Black "Espinosa, Pedro"]
[Result "1-0"]
[WhiteElo "2493"]
[BlackElo "2288"]
[PlyCount "85"]
[EventDate "2023.08.12"]
[EventType "swiss"]
[EventRounds "9"]
[EventCountry "USA"]
[SourceTitle "CBM 215 Extra"]
[Source "ChessBase"]
[SourceDate "2023.09.30"]
[SourceVersion "1"]
[SourceVersionDate "2023.09.30"]
[SourceQuality "1"]

1. e4 c5 2. Nf3 d6 3. d4 cxd4 4. Nxd4 Nf6 5. Nc3 Nc6 6. Bg5 e6 7. Qd2 a6 8. 0-0-0 Bd7 9. Kb1 Nxd4 10. Qxd4 Be7 11. Rg1 Rc8 12. g4 h6 13. Bd2 e5 14. Qd3 Nxg4 15. Be1 Be6 16. Be2 Qd7 17. Nd5 Bxd5 18. exd5 h5 19. f3 Nh6 20. Rxg7 Nf5 21. Rg2 Nd4 22. Bc3 Nxe2 23. Rxe2 Qb5 24. Qxb5+ axb5 25. Bxe5 dxe5 26. d6 Kd7 27. dxe7+ Ke6 28. f4 f6 29. fxe5 fxe5 30. b4 h4 31. Red2 Kxe7 32. Rd5 Kf6 33. Rf1+ Ke6 34. Rxb5 Rhg8 35. Re1 Rg5 36. Re4 Rc7 37. Kb2 h3 38. Re3 Rg2 39. Rbxe5+ Kf6 40. Re2 Rcg7 41. Kc3 Rc7+ 42. Kb3 Rxc2 43. Kxc2 1-0

[Event "New York Summer 1000 GM IM-B"]
[Site "New York"]
[Date "2023.07.09"]
[Round "6.1"]
[White "Espinosa, Pedro"]
[Black "Paragua, Mark"]
[Result "1-0"]
[WhiteElo "2263"]
[BlackElo "2438"]
[PlyCount "73"]
[EventDate "2023.07.06"]
[EventType "schev"]
[EventRounds "9"]
[EventCountry "USA"]
[SourceTitle "CBM 215 Extra"]
[Source "ChessBase"]
[SourceDate "2023.09.30"]
[SourceVersion "1"]
[SourceVersionDate "2023.09.30"]
[SourceQuality "1"]
[WhiteTeam "Team B"]
[BlackTeam "Team A"]
[WhiteTeamCountry "USA"]
[BlackTeamCountry "USA"]

1. d4 Nf6 2. c4 g6 3. Nc3 Bg7 4. e4 d6 5. Nf3 0-0 6. Be2 e5 7. Be3 Nbd7 8. 0-0 c6 9. d5 c5 10. Ne1 Kh8 11. Nd3 Ng8 12. b4 b6 13. Qa4 f5 14. f3 cxb4 15. Nxb4 Nc5 16. Bxc5 bxc5 17. Nc6 Qg5 18. Qc2 Nf6 19. Nb5 fxe4 20. Nxd6 Bh3 21. Bd1 exf3 22. Bxf3 e4 23. Qc1 e3 24. Kh1 Bd7 25. Rb1 Qf4 26. Nb7 Rab8 27. Nxb8 Bf5 28. Rb3 Rxb8 29. Nxc5 Rxb3 30. axb3 Qe5 31. Ne6 Bh6 32. Qa1 e2 33. Re1 Qxa1 34. Rxa1 Bd3 35. Nc5 Bc2 36. Bxe2 Be3 37. b4 1-0

[Event "New York Summer 1000 GM IM-B"]
[Site "New York"]
[Date "2023.07.07"]
[Round "3.2"]
[White "Espinosa, Pedro"]
[Black "Rusonik, Max"]
[Result "1/2-1/2"]
[WhiteElo "2263"]
[BlackElo "2144"]
[PlyCount "31"]
[EventDate "2023.07.06"]
[EventType "schev"]
[EventRounds "9"]
[EventCountry "USA"]
[SourceTitle "CBM 215 Extra"]
[Source "ChessBase"]
[SourceDate "2023.09.30"]
[SourceVersion "1"]
[SourceVersionDate "2023.09.30"]
[SourceQuality "1"]
[WhiteTeam "Team B"]
[BlackTeam "Team C"]
[WhiteTeamCountry "USA"]
[BlackTeamCountry "USA"]

1. d4 Nf6 2. c4 e6 3. Nf3 d5 4. Nc3 Bb4 5. Qa4+ Nc6 6. a3 Bxc3+ 7. bxc3 Ne4 8. Bf4 Nxc3 9. Qc2 Ne4 10. h4 Nd6 11. c5 Nf5 12. e3 h5 13. Bd3 0-0 14. Rb1 Re8 15. Rb2 a6 16. 0-0 1/2-1/2

[Event "New York Summer 1000 GM IM-B"]
[Site "New York"]
[Date "2023.07.07"]
[Round "2.2"]
[White "Lee, Justin"]
[Black "Espinosa, Pedro"]
[Result "0-1"]
[WhiteElo "2257"]
[BlackElo "2263"]
[PlyCount "57"]
[EventDate "2023.07.06"]
[EventType "schev"]
[EventRounds "9"]
[EventCountry "USA"]
[SourceTitle "CBM 215 Extra"]
[Source "ChessBase"]
[SourceDate "2023.09.30"]
[SourceVersion "1"]
[SourceVersionDate "2023.09.30"]
[SourceQuality "1"]
[WhiteTeam "Team D"]
[BlackTeam "Team B"]
[WhiteTeamCountry "USA"]
[BlackTeamCountry "USA"]

1. d4 d5 2. c4 c6 3. Nc3 Nf6 4. e3 e6 5. Nf3 Nbd7 6. Qc2 Bd6 7. Be2 0-0 8. b3 b6 9. Bb2 Bb7 10. 0-0 Rc8 11. Rad1 Qe7 12. e4 dxe4 13. Nxe4 Bb8 14. Rfe1 Rfd8 15. a3 h6 16. Bf1 Qf8 17. b4 c5 18. Nxf6+ Nxf6 19. d5 exd5 20. Bxf6 gxf6 21. b5 d4 22. Nh4 Rc7 23. Rd3 Re7 24. Rxe7 Qxe7 25. Qd2 Bc7 26. Rh3 Qe5 27. Nf3 Qf4 28. Qd1 d3 29. Nd2 0-1

[Event "New York Mem Day 1000 GM IM-B"]
[Site "New York"]
[Date "2023.05.29"]
[Round "8.1"]
[White "Barbosa, Oliver"]
[Black "Espinosa, Pedro"]
[Result "1-0"]
[WhiteElo "2492"]
[BlackElo "2229"]
[PlyCount "83"]
[EventDate "2023.05.25"]
[EventType "schev"]
[EventRounds "9"]
[EventCountry "USA"]
[SourceTitle "CBM 214 Extra"]
[Source "ChessBase"]
[SourceDate "2023.07.31"]
[SourceVersion "1"]
[SourceVersionDate "2023.07.31"]
[SourceQuality "1"]
[WhiteTeam "Team A"]
[BlackTeam "Team C"]
[WhiteTeamCountry "USA"]
[BlackTeamCountry "USA"]

1. Nf3 d5 2. g3 g6 3. c4 dxc4 4. Na3 Nc6 5. Nxc4 Bg7 6. Bg2 e5 7. d3 e4 8. dxe4 Qxd1+ 9. Kxd1 Be6 10. Ne3 0-0-0+ 11. Ke1 h6 12. Nd2 Nb4 13. a3 Na2 14. Ndc4 Nxc1 15. Rxc1 Ne7 16. a4 Nc6 17. f4 Bd4 18. h4 Na5 19. Bh3 Bxh3 20. Rxh3 Rhe8 21. e5 f6 22. h5 g5 23. Nf5 Nxc4 24. Rxc4 fxe5 25. fxg5 hxg5 26. b4 a6 27. e4 b5 28. axb5 axb5 29. Rc2 Kd7 30. h6 c5 31. bxc5 b4 32. Ke2 b3 33. Rc1 Ra8 34. Rb1 Reb8 35. Kf3 Bxc5 36. Kg4 Ke6 37. h7 b2 38. Rh2 Ba3 39. Kxg5 Rc8 40. Rd1 Rc1 41. Rh6+ Kf7 42. Rf6+ 1-0

[Event "New York Mem Day 1000 GM IM-B"]
[Site "New York"]
[Date "2023.05.27"]
[Round "4.2"]
[White "Ansh, M Shah"]
[Black "Espinosa, Pedro"]
[Result "0-1"]
[WhiteElo "2171"]
[BlackElo "2229"]
[PlyCount "128"]
[EventDate "2023.05.25"]
[EventType "schev"]
[EventRounds "9"]
[EventCountry "USA"]
[SourceTitle "CBM 214 Extra"]
[Source "ChessBase"]
[SourceDate "2023.07.31"]
[SourceVersion "1"]
[SourceVersionDate "2023.07.31"]
[SourceQuality "1"]
[WhiteTeam "Team B"]
[BlackTeam "Team C"]
[WhiteTeamCountry "USA"]
[BlackTeamCountry "USA"]

1. d4 d5 2. c4 c6 3. Nf3 Nf6 4. Qb3 dxc4 5. Qxc4 Bf5 6. g3 e6 7. Bg2 Nbd7 8. 0-0 Be7 9. Nc3 0-0 10. Bf4 h6 11. Rac1 Qb6 12. Na4 Qa5 13. Bd2 Qd5 14. Nc5 Nxc5 15. dxc5 Be4 16. Qxd5 Nxd5 17. Ne5 Bxg2 18. Kxg2 Bf6 19. Nc4 Rfd8 20. e4 Ne7 21. Ba5 Rd4 22. Rfe1 Nc8 23. Kf3 b5 24. Nd6 Ra4 25. b4 Ra3+ 26. Re3 Rxa2 27. Rd3 Ne7 28. Ke3 Ng6 29. f4 Rxh2 30. Rcd1 h5 31. R1d2 Rh3 32. Kf3 h4 33. Kg2 Rxg3+ 34. Rxg3 hxg3 35. Kxg3 e5 36. f5 Nf4 37. Kf3 g5 38. Nb7 Kg7 39. Bd8 Bxd8 40. Nxd8 a5 41. bxa5 Rxa5 42. Rd7 Ra3+ 43. Kg4 Rd3 44. Rxd3 Nxd3 45. Nxc6 Nxc5 46. Nxe5 Nxe4 47. Kf3 Nd6 48. Kg4 f6 49. Nc6 Nc4 50. Nd4 b4 51. Kf3 Nd6 52. Ke3 Kh6 53. Kd3 g4 54. Nc6 b3 55. Nd4 g3 56. Nf3 Nxf5 57. Kc3 g2 58. Ng1 Kg5 59. Kxb3 Kg4 60. Kc4 Nh4 61. Kd5 Nf3 62. Ne2 g1Q 63. Nxg1 Nxg1 64. Ke6 f5 0-1

[Event "Titled Tuesday intern op 25th Apr Late"]
[Site "Chess.com INT"]
[Date "2023.04.25"]
[Round "7"]
[White "Kovalevsky, Stanislav"]
[Black "Espinosa, Pedro"]
[Result "1-0"]
[WhiteElo "2237"]
[BlackElo "2229"]
[PlyCount "103"]
[EventDate "2023.04.25"]
[EventType "swiss (blitz)"]
[EventRounds "11"]
[EventCountry "USA"]
[SourceTitle "EXT 2024"]
[Source "ChessBase"]
[SourceDate "2023.10.10"]
[SourceVersion "1"]
[SourceVersionDate "2023.10.10"]
[SourceQuality "1"]

1. c4 c6 2. e4 d5 3. exd5 cxd5 4. cxd5 Nf6 5. Nc3 g6 6. Bc4 Bg7 7. Nge2 0-0 8. d4 a6 9. 0-0 b5 10. Bb3 Bb7 11. Nf4 b4 12. Na4 h6 13. Nc5 Bxd5 14. Nxd5 Nxd5 15. Qf3 e6 16. Be3 Nc6 17. Rfd1 a5 18. Qe4 a4 19. Nxe6 fxe6 20. Qxe6+ Kh7 21. Bxd5 Ra6 22. Bc4 Rb6 23. d5 Nd4 24. Qe4 Qc7 25. Rac1 a3 26. Bxd4 Rf4 27. Bxb6 Qf7 28. Qe6 axb2 29. Qxf7 bxc1Q 30. Rxc1 Rxf7 31. d6 Rd7 32. Bc7 Be5 33. Bb5 Rf7 34. Re1 Bc3 35. Re7 Kg7 36. Rxf7+ Kxf7 37. d7 Bf6 38. d8Q Bxd8 39. Bxd8 Ke6 40. Ba5 Kd5 41. Bxb4 g5 42. a4 h5 43. h3 h4 44. g3 g4 45. hxg4 h3 46. Kh2 Ke4 47. Kxh3 Kf3 48. a5 Kxf2 49. a6 Kg1 50. a7 Kh1 51. a8Q+ Kg1 52. Qg2# 1-0

[Event "Titled Tuesday intern op 25th Apr Late"]
[Site "Chess.com INT"]
[Date "2023.04.25"]
[Round "4"]
[White "Narayanan, Srinath"]
[Black "Espinosa, Pedro"]
[Result "1-0"]
[WhiteElo "2559"]
[BlackElo "2229"]
[PlyCount "81"]
[EventDate "2023.04.25"]
[EventType "swiss (blitz)"]
[EventRounds "11"]
[EventCountry "USA"]
[SourceTitle "EXT 2024"]
[Source "ChessBase"]
[SourceDate "2023.10.10"]
[SourceVersion "1"]
[SourceVersionDate "2023.10.10"]
[SourceQuality "1"]

1. d4 d5 2. Nf3 Nf6 3. Bf4 c5 4. e3 Nc6 5. Nbd2 Qb6 6. dxc5 Qxb2 7. Rb1 Qc3 8. Bb5 g6 9. 0-0 Bg7 10. e4 dxe4 11. Be5 Qa5 12. Nxe4 0-0 13. Nxf6+ Bxf6 14. Bxf6 exf6 15. Bxc6 bxc6 16. Qd6 Be6 17. Nd4 Rfd8 18. Qxc6 Rac8 19. Qe4 f5 20. Qe3 Qxc5 21. Rfd1 Rd6 22. a4 Rcd8 23. c3 Rc8 24. Rdc1 Ba2 25. Ra1 Be6 26. h4 Rb6 27. h5 Kg7 28. h6+ Kg8 29. a5 Rd6 30. a6 Rcd8 31. Rab1 Qd5 32. Qg5 Qe5 33. Re1 Qh8 34. Nc6 f6 35. Ne7+ Kf7 36. Qe3 Kxe7 37. Rb7+ R8d7 38. Rxd7+ Kxd7 39. Qxa7+ Kd8 40. Qb8+ Ke7 41. Qxh8 1-0

[Event "Titled Tuesday intern op 18th Apr Late"]
[Site "Chess.com INT"]
[Date "2023.04.18"]
[Round "3"]
[White "Espinosa, Pedro"]
[Black "Ramirez, Vido Robert"]
[Result "1-0"]
[WhiteElo "2229"]
[BlackElo "2015"]
[PlyCount "75"]
[EventDate "2023.04.18"]
[EventType "swiss (blitz)"]
[EventRounds "11"]
[EventCountry "USA"]
[SourceTitle "EXT 2024"]
[Source "ChessBase"]
[SourceDate "2023.10.10"]
[SourceVersion "1"]
[SourceVersionDate "2023.10.10"]
[SourceQuality "1"]

1. d4 g6 2. e4 d6 3. Nf3 Nf6 4. Nc3 Bg7 5. Be2 0-0 6. 0-0 e5 7. dxe5 dxe5 8. Qxd8 Rxd8 9. Bg5 Re8 10. Nd5 Nxd5 11. exd5 e4 12. Nd2 Bxb2 13. Rab1 Bc3 14. Nc4 Nd7 15. Rb3 Bf6 16. Bf4 Ne5 17. Nxe5 Bxe5 18. Bxe5 Rxe5 19. c4 b6 20. Re3 f5 21. f4 Re7 22. Rc1 Ba6 23. Kf2 Rd7 24. h4 h5 25. Rb1 Rc8 26. Ra3 Bb7 27. Rxa7 Rb8 28. Ke3 Kf7 29. a4 Ke7 30. a5 Kd6 31. axb6 cxb6 32. Rxb6+ Kc7 33. Rxg6 Ra8 34. Rxa8 Bxa8 35. Bxh5 Rh7 36. Rg5 Kd6 37. Kd4 Ra7 38. c5+ 1-0

[Event "Saint Louis 1000 IM 01"]
[Site "Saint Louis"]
[Date "2023.01.28"]
[Round "6.1"]
[White "Espinosa, Pedro"]
[Black "Baasansuren, Erdene"]
[Result "0-1"]
[WhiteElo "2189"]
[BlackElo "2247"]
[PlyCount "110"]
[EventDate "2023.01.25"]
[EventType "schev"]
[EventRounds "9"]
[EventCountry "USA"]
[SourceTitle "CBM 212 Extra"]
[Source "ChessBase"]
[SourceDate "2023.03.31"]
[SourceVersion "1"]
[SourceVersionDate "2023.03.31"]
[SourceQuality "1"]
[WhiteTeam "Team B"]
[BlackTeam "Team A"]
[WhiteTeamCountry "USA"]
[BlackTeamCountry "USA"]

1. d4 d5 2. c4 e6 3. Nf3 Nf6 4. Nc3 Be7 5. Bf4 0-0 6. e3 b6 7. Bd3 dxc4 8. Bxc4 Ba6 9. Bxa6 Nxa6 10. Qa4 Qc8 11. 0-0 c5 12. Rac1 Qb7 13. Nb5 Nb4 14. dxc5 bxc5 15. Nd6 Bxd6 16. Bxd6 Rfd8 17. Be5 Ne4 18. Qb3 Qd5 19. Qxd5 Rxd5 20. Rc4 f5 21. a3 Nd3 22. Bc3 Rb8 23. Ra4 Nxb2 24. Bxb2 Rxb2 25. Rxa7 c4 26. Nd4 c3 27. Nxe6 Nc5 28. Ra5 c2 29. Rxc5 Rd1 30. g4 fxg4 31. Rxc2 Rxf1+ 32. Kxf1 Rxc2 33. Nd4 Rc3 34. a4 Ra3 35. Kg2 Rxa4 36. Kg3 Ra2 37. Nb5 Kf7 38. Nc3 Rc2 39. Ne4 h5 40. Kh4 Kg6 41. Kg3 Kf5 42. Nd6+ Ke5 43. Nb5 Ra2 44. Nd4 Rb2 45. Nc6+ Ke4 46. Nd4 g6 47. Ne6 Rb1 48. Nc5+ Kd5 49. Nd3 Rg1+ 50. Kh4 Ke4 51. Nf4 Kf5 52. Ne2 Rg2 53. Ng3+ Ke5 54. Kg5 Rxf2 55. Kxg6 h4 0-1

[Event "Titled Tuesday intern op 03rd Jan Late"]
[Site "Chess.com INT"]
[Date "2023.01.03"]
[Round "10"]
[White "Espinosa, Pedro"]
[Black "Kalajzic, Ivan"]
[Result "1/2-1/2"]
[WhiteElo "2189"]
[BlackElo "2062"]
[PlyCount "130"]
[EventDate "2023.01.03"]
[EventType "swiss (blitz)"]
[EventRounds "11"]
[EventCountry "USA"]
[SourceTitle "EXT 2024"]
[Source "ChessBase"]
[SourceDate "2023.10.10"]
[SourceVersion "1"]
[SourceVersionDate "2023.10.10"]
[SourceQuality "1"]

1. d4 Nc6 2. Nf3 d6 3. e4 Bg4 4. Be2 e5 5. d5 Nce7 6. 0-0 Nf6 7. Nc3 g6 8. h3 Bd7 9. Bg5 Bg7 10. Qd2 0-0 11. Bh6 b5 12. Bxg7 Kxg7 13. a3 a5 14. Bxb5 Bxb5 15. Nxb5 Nxe4 16. Qe3 Nf6 17. c4 Qb8 18. a4 h6 19. Rac1 Nd7 20. b3 Nf5 21. Qc3 Nc5 22. Rfe1 Qd8 23. g4 Nh4 24. Nxh4 Qxh4 25. Nxc7 Ra7 26. Nb5 Rd7 27. Rb1 f5 28. Qg3 Qxg3+ 29. fxg3 fxg4 30. hxg4 Rf3 31. Kg2 Rdf7 32. Re2 Nxb3 33. Nxd6 Rf8 34. Rxe5 Rf2+ 35. Kg1 Nd2 36. Rb7+ Kg8 37. Re8 Rf1+ 38. Kg2 R1f2+ 39. Kh3 Nf3 40. Rxf8+ Kxf8 41. Rf7+ Kg8 42. Rxf3 Rxf3 43. c5 Rd3 44. c6 Rc3 45. Nb5 Rc5 46. d6 Kf8 47. c7 Ke8 48. Na7 Kd7 49. c8Q+ Rxc8 50. Nxc8 Kxc8 51. g5 h5 52. g4 hxg4+ 53. Kxg4 Kd7 54. Kf4 Kxd6 55. Ke4 Kc5 56. Ke5 Kb4 57. Kf6 Kxa4 58. Kxg6 Kb4 59. Kf5 a4 60. g6 a3 61. g7 a2 62. g8Q a1Q 63. Qb8+ Ka3 64. Qa7+ Kb2 65. Qxa1+ Kxa1 1/2-1/2

[Event "Titled Tuesday intern op 03rd Jan Late"]
[Site "Chess.com INT"]
[Date "2023.01.03"]
[Round "6"]
[White "Espinosa, Pedro"]
[Black "Karas, Marek"]
[Result "1/2-1/2"]
[WhiteElo "2189"]
[BlackElo "2231"]
[PlyCount "109"]
[EventDate "2023.01.03"]
[EventType "swiss (blitz)"]
[EventRounds "11"]
[EventCountry "USA"]
[SourceTitle "EXT 2024"]
[Source "ChessBase"]
[SourceDate "2023.10.10"]
[SourceVersion "1"]
[SourceVersionDate "2023.10.10"]
[SourceQuality "1"]

1. d4 Nf6 2. c4 c5 3. d5 b5 4. cxb5 a6 5. bxa6 e6 6. Nc3 exd5 7. Nxd5 Nxd5 8. Qxd5 Nc6 9. e3 Bxa6 10. Bxa6 Qa5+ 11. Bd2 Qxa6 12. Nf3 Be7 13. Bc3 0-0 14. a3 Nb4 15. Bxb4 cxb4 16. a4 Bf6 17. Nd4 Qd3 18. Rd1 Qg6 19. 0-0 Rxa4 20. Qxd7 Raa8 21. Qb5 Rab8 22. Qd3 Qh5 23. b3 Rfd8 24. Qc4 Rdc8 25. Qa6 h6 26. h3 Ra8 27. Qb5 Qxb5 28. Nxb5 Rab8 29. Nd4 Rc3 30. Rb1 Bxd4 31. exd4 Ra8 32. d5 Ra3 33. d6 Kf8 34. Rfe1 Rd3 35. Re4 Rxd6 36. Rxb4 g6 37. Re1 Ra2 38. Rf4 Rd7 39. Rf3 Rb2 40. Ree3 Rd1+ 41. Kh2 Rdd2 42. Kg3 Rd5 43. Kh2 Rb5 44. g3 h5 45. h4 Rb7 46. Kg2 Rb5 47. Rc3 Rb7 48. Rfd3 Kg7 49. Re3 Rb1 50. Rf3 Rb2 51. Rfe3 Rb1 52. Kf3 Rb2 53. Red3 Rb5 54. Kg2 Rb7 55. Re3 1/2-1/2

[Event "Titled Tuesday intern op 03rd Jan Late"]
[Site "Chess.com INT"]
[Date "2023.01.03"]
[Round "9"]
[White "Espinosa, Pedro"]
[Black "Reiss, Aiden"]
[Result "0-1"]
[WhiteElo "2189"]
[BlackElo "2083"]
[PlyCount "148"]
[EventDate "2023.01.03"]
[EventType "swiss (blitz)"]
[EventRounds "11"]
[EventCountry "USA"]
[SourceTitle "EXT 2024"]
[Source "ChessBase"]
[SourceDate "2023.10.10"]
[SourceVersion "1"]
[SourceVersionDate "2023.10.10"]
[SourceQuality "1"]

1. d4 Nf6 2. c4 g6 3. Nc3 d5 4. Nf3 Bg7 5. Qb3 dxc4 6. Qxc4 0-0 7. e4 a6 8. Be2 b5 9. Qb3 c5 10. dxc5 Bb7 11. e5 Nfd7 12. Be3 Nxe5 13. Nxe5 Bxe5 14. 0-0 Nc6 15. Rad1 Nd4 16. Bxd4 Bxd4 17. a4 e5 18. axb5 axb5 19. Nxb5 Qg5 20. Bf3 Bxf3 21. Qxf3 Bxc5 22. Nc7 Rab8 23. Nd5 Rxb2 24. Qc3 Rb5 25. Nc7 Bd4 26. Qc6 Rc5 27. Qb6 Rc2 28. Qb7 Qe7 29. Rc1 Bxf2+ 30. Kh1 Rxc1 31. Rxc1 e4 32. Qc6 e3 33. Nd5 Qg5 34. Qc3 f6 35. Qc4 Rf7 36. Ne7+ Kg7 37. Nc6 e2 38. Nd8 Qxc1+ 39. Qxc1 e1Q+ 40. Qxe1 Bxe1 41. Nxf7 Kxf7 42. Kg1 Bc3 43. Kf1 Ke6 44. Ke2 Be5 45. g3 h5 46. Kf3 h4 47. gxh4 Bxh2 48. Kg4 Be5 49. h5 gxh5+ 50. Kxh5 f5 51. Kg5 Bf6+ 52. Kf4 Be7 53. Ke3 Ke5 54. Kf3 f4 55. Kg4 Bf6 56. Kf3 Kf5 57. Kf2 Ke4 58. Ke2 f3+ 59. Kf2 Bd4+ 60. Kf1 f2 61. Ke2 Kf4 62. Kf1 Kg3 63. Ke2 Kg2 64. Kd3 f1Q+ 65. Kxd4 Qf3 66. Ke5 Kg3 67. Kd6 Qe4 68. Kc7 Qd5 69. Kb8 Qf7 70. Ka8 Kf4 71. Kb8 Ke5 72. Ka8 Kd6 73. Kb8 Kc6 74. Ka8 Qb7# 0-1

[Event "Titled Tuesday intern op 03rd Jan Late"]
[Site "Chess.com INT"]
[Date "2023.01.03"]
[Round "11"]
[White "Graif, William"]
[Black "Espinosa, Pedro"]
[Result "1-0"]
[WhiteElo "2305"]
[BlackElo "2189"]
[PlyCount "65"]
[EventDate "2023.01.03"]
[EventType "swiss (blitz)"]
[EventRounds "11"]
[EventCountry "USA"]
[SourceTitle "EXT 2024"]
[Source "ChessBase"]
[SourceDate "2023.10.10"]
[SourceVersion "1"]
[SourceVersionDate "2023.10.10"]
[SourceQuality "1"]

1. e4 c5 2. Nc3 Nc6 3. Bb5 Nd4 4. Nf3 a6 5. Bd3 g6 6. b4 Nxf3+ 7. Qxf3 cxb4 8. Nd5 Bg7 9. Rb1 e6 10. Ne3 Ne7 11. Bb2 0-0 12. Bxg7 Kxg7 13. h4 Nc6 14. h5 Ne5 15. Qh3 Nxd3+ 16. cxd3 Qg5 17. hxg6 Qxg6 18. Rxb4 a5 19. Rd4 d5 20. e5 f5 21. Rh4 Rh8 22. Rh6 Qg5 23. Rxh7+ Rxh7 24. Qxh7+ Kf8 25. Qh8+ Qg8 26. Qf6+ Ke8 27. Rh8 Qxh8 28. Qxh8+ Kd7 29. Nc2 b5 30. Nd4 b4 31. Qg7+ Kd8 32. Nc6+ Ke8 33. Qe7# 1-0